| 000 | 01145nam a2200241 i 4500 | ||
|---|---|---|---|
| 001 | 183433 | ||
| 003 | ES-MaACL | ||
| 005 | 20230906221906.0 | ||
| 008 | 140422s1884 it |||| | ita d | ||
| 100 | 1 |
_aBrunialti, Attilio. _932183 |
|
| 245 | 1 | 3 |
_aLe scienze politiche nello stato moderno _b; La democrazia / _cA. Brunialti. La democrazia in Europa / Erskine May. [La democrazia in America / Tocqueville]. |
| 260 |
_aTorino : _bUnione Tipografico-Editrice, _c1884. |
||
| 300 |
_a211, 687, 733 p. ; _c24 cm. |
||
| 490 | 1 |
_aBiblioteca di scienze politiche: scelta collezione delle più importanti opere moderne italiane e straniere di scienze politiche / diretta da Attilio Bruniati ; _v1 |
|
| 700 | 1 |
_aMay, Thomas Erskine. _9129753 |
|
| 700 | 0 |
_aTocqueville, Alexis de. _9110392 |
|
| 740 | 3 | _aLa democrazia. | |
| 740 | 0 | _aLa democrazia in Europa. | |
| 740 | 3 | _aLa democrazia in America. | |
| 830 | 0 |
_aBiblioteca di scienze politiche: scelta collezione delle più importanti opere moderne italiane e straniere di scienze politiche / diretta da Attilio Bruniati ; _v1 _9224977 |
|
| 852 |
_aES-MaACL _jB-9313 |
||
| 999 |
_c183433 _d183433 |
||